00376nam a2200121Ia 45000010005000000080041000050820033000461000059000792450050001382600024001889010027002129990015002394063241024s9999 xx 000 0 und d aRD/725.97293/R426m/2013-2016 aRepública Dominicana. Ministerio de Obras Públicas 0aMemorias de Gestión agosto 2013-febrero2015 bSanto Domingoc2015 a9/3/2016 11:36:58 a.m. c7964d7964